00355nam a2200109Ia 4500008004100000082000800041100003300049245004700082942000600129952009500135999001500230240331s9999 xx 000 0 und d bMAR aIndiaya cumunist kachchi. ed 0aMarksiya thathuvaarasiyal padak kurippukal cL 001040708LaWERCLbWERCLcSSCd2024-03-31l0o 335 MARp1636r2024-03-31w2024-03-31yL c3591d3591